| 000 | 00918nam a22002897a 4500 | ||
|---|---|---|---|
| 001 | 9525 | ||
| 003 | FISKH | ||
| 005 | 20260119102814.0 | ||
| 008 | 260119b cb ||||| |||| 00| 0 eng d | ||
| 020 | _a0819215120 | ||
| 040 |
_aFISKH _beng _cFISKH _dFISKH |
||
| 050 | _aPZ8.R89 B | ||
| 082 | _a398.22 | ||
| 100 |
_aRyan, John _eAuthor |
||
| 245 |
_aA bad year for dragons : _bThe legend of Saint George / _cRetold and drawn by John Ryan |
||
| 260 |
_aMilton : _bMorehouse Publishing , _c1986 |
||
| 300 |
_a28 unnumbered pages : _bcolor illustrations ; _c22 cm |
||
| 505 | _aR | ||
| 520 | _aRetells the legend of Saint George, in which the brave horseman saves a city from a terrible dragon. | ||
| 521 | 8 |
_a750
_bLexile estimate |
|
| 521 | 8 |
_aR
_bRaz-Plus |
|
| 650 |
_aFolklore _vEngland |
||
| 650 |
_aKnights _vKnighthood |
||
| 700 |
_aRyan, John _eIllustrator |
||
| 942 |
_2ddc _cBK _n0 |
||
| 999 |
_c9525 _d9525 |
||